<?xml version="1.0" encoding="UTF-8"?>
<record
    xmlns:xsi="http://www.w3.org/2001/XMLSchema-instance"
    xsi:schemaLocation="http://www.loc.gov/MARC21/slim http://www.loc.gov/standards/marcxml/schema/MARC21slim.xsd"
    xmlns="http://www.loc.gov/MARC21/slim">

  <leader>01561nam0a2200325   4500</leader>
  <controlfield tag="001">RU\NLR\ONL2\7273</controlfield>
  <controlfield tag="005">20250613130315.0</controlfield>
  <datafield tag="010" ind1=" " ind2=" ">
    <subfield code="a">978-5-295-04137-2</subfield>
    <subfield code="9">4840</subfield>
  </datafield>
  <datafield tag="035" ind1=" " ind2=" ">
    <subfield code="a">(NLR Aleph) 009654865</subfield>
  </datafield>
  <datafield tag="090" ind1=" " ind2=" ">
    <subfield code="a">9585786</subfield>
    <subfield code="c">9585786</subfield>
  </datafield>
  <datafield tag="100" ind1=" " ind2=" ">
    <subfield code="a">20070827d2007    |||y0rusy50      ca</subfield>
  </datafield>
  <datafield tag="101" ind1="0" ind2=" ">
    <subfield code="a">bak</subfield>
  </datafield>
  <datafield tag="102" ind1=" " ind2=" ">
    <subfield code="a">RU</subfield>
  </datafield>
  <datafield tag="105" ind1=" " ind2=" ">
    <subfield code="a">a |||||||||</subfield>
  </datafield>
  <datafield tag="200" ind1="1" ind2=" ">
    <subfield code="a">&#x411;&#x430;&#x448;k&#x43E;&#x440;&#x442;&#x43E;&#x441;&#x442;&#x430;&#x43D; &#x442;&#x430;&#x440;&#x438;&#x445;&#x44B;</subfield>
    <subfield code="e">&#x431;&#x43E;&#x440;&#x43E;&#x43D;&#x433;&#x43E; &#x437;&#x430;&#x43C;&#x430;&#x43D;&#x434;&#x430;&#x440;&#x437;&#x430;&#x43D; XIX &#x431;&#x44B;&#x443;&#x430;&#x442; &#x430;&#x437;&#x430;&#x433;&#x44B;&#x43D;&#x430; &#x442;&#x438;&#x43A;&#x43B;&#x435;&#x43C;</subfield>
    <subfield code="e">&#x443;&#x440;&#x442;&#x430; &#x434;&#x4E9;&#x439;&#x4E9;&#x43C; &#x431;&#x435;&#x43B;&#x435;&#x43C; &#x431;&#x438;&#x440;&#x435;&#x443; &#x43C;&#x44D;&#x43A;&#x442;. 8 &#x43A;&#x43B;. &#x4E9;&#x441;&#x4E9;&#x43D; &#x434;-&#x43B;&#x435;&#x43A;</subfield>
    <subfield code="f">&#x418;. F. &#x410;k&#x43C;&#x430;&#x43D;&#x43E;&#x432;, &#x42D;. &#x417;. &#x42D;&#x441;&#x444;&#x44D;&#x43D;&#x434;&#x438;&#x44D;&#x440;&#x43E;&#x432;, &#x41D;. &#x41C;. &#x41A;&#x43E;&#x43B;&#x431;&#x44D;&#x445;&#x442;&#x438;&#x43D; h. &#x431;.</subfield>
    <subfield code="g">&#x43F;&#x440;&#x43E;&#x444;. &#x418;. F. &#x410;k&#x43C;&#x430;&#x43D;&#x43E;&#x432; &#x440;&#x435;&#x434;.</subfield>
  </datafield>
  <datafield tag="210" ind1=" " ind2=" ">
    <subfield code="a">&#x4E8;&#x444;&#x4E9;</subfield>
    <subfield code="c">&#x41A;&#x438;&#x442;&#x430;&#x43F;</subfield>
    <subfield code="d">2007</subfield>
  </datafield>
  <datafield tag="215" ind1=" " ind2=" ">
    <subfield code="a">247,[1] &#x431;., [4] &#x43B;. &#x446;&#x432;. &#x438;&#x43B;.</subfield>
    <subfield code="c">&#x438;&#x43B;.</subfield>
    <subfield code="d">22</subfield>
  </datafield>
  <datafield tag="541" ind1="1" ind2=" ">
    <subfield code="a">&#x418;&#x441;&#x442;&#x43E;&#x440;&#x438;&#x44F; &#x411;&#x430;&#x448;&#x43A;&#x43E;&#x440;&#x442;&#x43E;&#x441;&#x442;&#x430;&#x43D;&#x430;</subfield>
    <subfield code="e">&#x441; &#x434;&#x440;&#x435;&#x432;&#x43D;&#x435;&#x439;&#x448;&#x438;&#x445; &#x432;&#x440;&#x435;&#x43C;&#x435;&#x43D; &#x434;&#x43E; &#x43A;&#x43E;&#x43D;&#x446;&#x430; XIX &#x432;.: &#x443;&#x447;&#x435;&#x431;. &#x434;&#x43B;&#x44F; &#x443;&#x447;&#x430;&#x449;&#x438;&#x445;&#x441;&#x44F; 8 &#x43A;&#x43B;. &#x448;&#x43A;. &#x411;&#x430;&#x448;&#x43A;&#x43E;&#x440;&#x442;&#x43E;&#x441;&#x442;&#x430;&#x43D;&#x430;.</subfield>
    <subfield code="z">rus</subfield>
  </datafield>
  <datafield tag="607" ind1=" " ind2=" ">
    <subfield code="a">&#x411;&#x430;&#x448;&#x43A;&#x43E;&#x440;&#x442;&#x43E;&#x441;&#x442;&#x430;&#x43D;, &#x420;&#x435;&#x441;&#x43F;&#x443;&#x431;&#x43B;&#x438;&#x43A;&#x430;</subfield>
    <subfield code="x">&#x418;&#x441;&#x442;&#x43E;&#x440;&#x438;&#x44F;</subfield>
    <subfield code="9">2081195</subfield>
    <subfield code="3">RU\NLR\auth\661257162</subfield>
  </datafield>
  <datafield tag="686" ind1="1" ind2=" ">
    <subfield code="a">&#x422;3(2&#x420;-6&#x411;)2/5</subfield>
  </datafield>
  <datafield tag="701" ind1=" " ind2="1">
    <subfield code="a">&#x410;k&#x43C;&#x430;&#x43D;&#x43E;&#x432;</subfield>
    <subfield code="b">&#x418;. F.</subfield>
    <subfield code="g">&#x418;&#x440;&#x435;&#x43A; F&#x430;&#x439;&#x441;&#x430; &#x443;&#x43B;&#x44B;</subfield>
    <subfield code="4">070</subfield>
  </datafield>
  <datafield tag="701" ind1=" " ind2="1">
    <subfield code="a">&#x42D;&#x441;&#x444;&#x44D;&#x43D;&#x434;&#x438;&#x44D;&#x440;&#x43E;&#x432;</subfield>
    <subfield code="b">&#x42D;. &#x417;.</subfield>
    <subfield code="g">&#x42D;&#x43D;&#x443;&#x44D;&#x440; &#x417;&#x430;&#x43A;&#x438;&#x440; &#x443;&#x43B;&#x44B;</subfield>
    <subfield code="4">070</subfield>
  </datafield>
  <datafield tag="701" ind1=" " ind2="1">
    <subfield code="a">&#x41A;&#x43E;&#x43B;&#x431;&#x44D;&#x445;&#x442;&#x438;&#x43D;</subfield>
    <subfield code="b">&#x41D;. &#x41C;.</subfield>
    <subfield code="g">&#x41D;&#x44D;&#x437;&#x438;&#x440; &#x41C;&#x44B;&#x440;&#x437;&#x430;&#x431;&#x430;&#x439; &#x443;&#x43B;&#x44B;</subfield>
    <subfield code="4">070</subfield>
  </datafield>
  <datafield tag="801" ind1=" " ind2="0">
    <subfield code="a">RU</subfield>
    <subfield code="b">NLR</subfield>
    <subfield code="c">20070827</subfield>
    <subfield code="g">PSBO</subfield>
  </datafield>
  <datafield tag="852" ind1=" " ind2=" ">
    <subfield code="a">NLR</subfield>
    <subfield code="b">&#x41E;&#x41D;&#x41B;</subfield>
    <subfield code="j">&#x411;&#x430;&#x448;&#x43A;./3-4938</subfield>
  </datafield>
  <datafield tag="942" ind1=" " ind2=" ">
    <subfield code="c">BOOK</subfield>
  </datafield>
  <datafield tag="980" ind1=" " ind2=" ">
    <subfield code="a">NB</subfield>
  </datafield>
  <datafield tag="980" ind1=" " ind2=" ">
    <subfield code="a">ONL_RF</subfield>
  </datafield>
  <datafield tag="995" ind1=" " ind2=" ">
    <subfield code="5">2013-10-26</subfield>
    <subfield code="b">NLR01</subfield>
    <subfield code="c">NLR01</subfield>
    <subfield code="e">ONL</subfield>
    <subfield code="f">9654865-10</subfield>
    <subfield code="k">&#x411;&#x430;&#x448;&#x43A;./3-4938</subfield>
    <subfield code="o">0</subfield>
    <subfield code="r">BOOK</subfield>
    <subfield code="s">34938_</subfield>
  </datafield>
</record>
